Pečeti a znaky obcí na Jesenicku /

Main Author: Müller, Karel, 1958-
Language: Czech
Published: V Opavě : v Jeseníku : Zemský archiv ;Státní okresní archiv, 2003
Edition: 1. vyd.
Online Access: Digitalizovaný dokument
Physical Description: 78 s. : il. (některé barev.) ; 25 cm
Book
Saved in:
LEADER 01565nam a2200409 a 4500
001 000699872
003 CZ BrMZK
005 20041110074359.0
007 ta
008 031211s2003 xr a e 000 0 cze d
015 |a cnb001294806 
020 |a 80-86388-11-5  |q (brož.) 
035 |a (OCoLC)56865128 
040 |a BOA001  |b cze 
041 0 |a cze  |b ger 
043 |a e-xr---  |b e-xr-ol  |2 czenas 
072 7 |a 929.5/.9  |x Genealogie. Heraldika. Šlechta. Vlajky  |2 Konspekt  |9 8 
080 |a 736.3:911.375  |2 MRF 
080 |a 929.6:911.375  |2 MRF 
080 |a (437.325)  |2 MRF 
080 |a (048.8)  |2 MRF 
100 1 |a Müller, Karel,  |d 1958-  |7 jo20000074066  |4 aut 
245 1 0 |a Pečeti a znaky obcí na Jesenicku /  |c Karel Müller 
250 |a 1. vyd. 
260 |a V Opavě :  |b Zemský archiv ;  |a v Jeseníku :  |b Státní okresní archiv,  |c 2003 
300 |a 78 s. :  |b il. (některé barev.) ;  |c 25 cm 
500 |a Německé resumé 
504 |a Obsahuje bibliografii a bibliografické odkazy 
500 |a Dostupné též v digitální podobě v aplikaci Kramerius 
650 0 7 |a městské pečeti  |7 ph123108  |z Česko  |2 czenas 
650 0 7 |a městské znaky  |7 ph123111  |z Česko  |2 czenas 
655 7 |a přehledy  |7 fd133202  |2 czenas 
651 7 |a Jeseník (Česko : oblast)  |7 ge129454  |2 czenas 
856 4 1 |u http://www.digitalniknihovna.cz/mzk/uuid/uuid:b491e7f0-554a-11e5-bc53-005056827e52  |y Digitalizovaný dokument  |x NDK 
910 |a BOA001  |b 2-1128.012 
990 |a BK 
996 6 |b 2610206518  |c 2-1128.012  |l MZK  |r Sklad / do 1 hodiny  |n 11  |p p.v.  |w 000699872  |u 000010  |a 1  |e BOA001  |j MZK50  |s P